<?xml version="1.0" encoding="UTF-8"?>
<collection xmlns="http://www.loc.gov/MARC21/slim">
<record>
  <controlfield tag="001">162363</controlfield>
  <controlfield tag="005">20251017144644.0</controlfield>
  <datafield tag="024" ind1="7" ind2=" ">
    <subfield code="2">doi</subfield>
    <subfield code="a">10.17583/hse.17904</subfield>
  </datafield>
  <datafield tag="024" ind1="8" ind2=" ">
    <subfield code="2">sideral</subfield>
    <subfield code="a">144914</subfield>
  </datafield>
  <datafield tag="037" ind1=" " ind2=" ">
    <subfield code="a">ART-2025-144914</subfield>
  </datafield>
  <datafield tag="041" ind1=" " ind2=" ">
    <subfield code="a">eng</subfield>
  </datafield>
  <datafield tag="100" ind1=" " ind2=" ">
    <subfield code="a">Hernández-Heras, Lucía</subfield>
    <subfield code="u">Universidad de Zaragoza</subfield>
    <subfield code="0">(orcid)0000-0002-0247-1573</subfield>
  </datafield>
  <datafield tag="245" ind1=" " ind2=" ">
    <subfield code="a">Classics and canon in Secondary Education: exploring the thinking of 30 literature teachers in Spain</subfield>
  </datafield>
  <datafield tag="260" ind1=" " ind2=" ">
    <subfield code="c">2025</subfield>
  </datafield>
  <datafield tag="506" ind1="0" ind2=" ">
    <subfield code="a">Access copy available to the general public</subfield>
    <subfield code="f">Unrestricted</subfield>
  </datafield>
  <datafield tag="520" ind1="3" ind2=" ">
    <subfield code="a">The controversy surrounding the canon since the 1970s, as well as the multicultural nature of contemporary societies, has led to the emergence of several studies, both empirical and based on teachers' beliefs, which analyse how the reading of the classics fits into this new plural context. However, there are no such approaches in Spain from the teachers' perspective. To address this issue, a qualitative case study is presented based on interviews with 30 secondary school teachers. Data were analysed thematically and coded with NVivo 12 software, resulting in the identification of four main categories: teacher beliefs about their relationship with the classics, knowledge, beliefs about the sociocultural factor, and teaching practices and strategies. The findings reveal that teachers think it is important to read the classics, but they also argue that they must be approached in ways that engage students in interpreting them.   La controversia en torno al canon desde los años setenta, así como el carácter multicultural de las  sociedades  contemporáneas,  ha  propiciado  la  aparición  de  diversos  estudios,  tanto empíricos como basados en las creencias de los profesores, que analizan cómo encaja la lectura de   los   clásicos   en   este   nuevo   contexto   plural. Sin   embargo,   en   España   no   existen aproximaciones de este tipo desde la perspectiva del profesorado. Para abordar esta cuestión, se presenta un estudio de caso cualitativo basado en entrevistas a 30 profesores de Secundaria. Los datos se analizaron temáticamente y se codificaron con el software NVivo 12, dando como resultado la identificación de cuatro categorías principales: creencias de los profesores sobre su relación con los clásicos, conocimientos, creencias sobre el factor sociocultural y prácticas y estrategias de enseñanza. Los resultados revelan que los profesores creen que es importante leer  a  los  clásicos,  pero  también  sostienen  que  deben  abordarse  de  manera  que  los  alumnos participen en su interpretación.</subfield>
  </datafield>
  <datafield tag="536" ind1=" " ind2=" ">
    <subfield code="9">info:eu-repo/grantAgreement/ES/DGA/S61-23R</subfield>
  </datafield>
  <datafield tag="540" ind1=" " ind2=" ">
    <subfield code="9">info:eu-repo/semantics/openAccess</subfield>
    <subfield code="a">by</subfield>
    <subfield code="u">https://creativecommons.org/licenses/by/4.0/deed.es</subfield>
  </datafield>
  <datafield tag="655" ind1=" " ind2="4">
    <subfield code="a">info:eu-repo/semantics/article</subfield>
    <subfield code="v">info:eu-repo/semantics/publishedVersion</subfield>
  </datafield>
  <datafield tag="700" ind1=" " ind2=" ">
    <subfield code="a">Tabernero-Sala, Rosa</subfield>
    <subfield code="u">Universidad de Zaragoza</subfield>
    <subfield code="0">(orcid)0000-0002-2332-5807</subfield>
  </datafield>
  <datafield tag="700" ind1=" " ind2=" ">
    <subfield code="a">Muela-Bermejo, Diana</subfield>
    <subfield code="u">Universidad de Zaragoza</subfield>
    <subfield code="0">(orcid)0000-0001-6162-6603</subfield>
  </datafield>
  <datafield tag="710" ind1="2" ind2=" ">
    <subfield code="1">4013</subfield>
    <subfield code="2">195</subfield>
    <subfield code="a">Universidad de Zaragoza</subfield>
    <subfield code="b">Dpto. Didácticas Específicas</subfield>
    <subfield code="c">Área Didáctica Lengua y Liter.</subfield>
  </datafield>
  <datafield tag="773" ind1=" " ind2=" ">
    <subfield code="g">14, 2 (2025), 151-175</subfield>
    <subfield code="p">Hist. soc. educ.</subfield>
    <subfield code="t">Historia social y de la educación = Social and Education History</subfield>
    <subfield code="x">2014-3567</subfield>
  </datafield>
  <datafield tag="856" ind1="4" ind2=" ">
    <subfield code="s">851103</subfield>
    <subfield code="u">http://zaguan.unizar.es/record/162363/files/texto_completo.pdf</subfield>
    <subfield code="y">Versión publicada</subfield>
  </datafield>
  <datafield tag="856" ind1="4" ind2=" ">
    <subfield code="s">1564722</subfield>
    <subfield code="u">http://zaguan.unizar.es/record/162363/files/texto_completo.jpg?subformat=icon</subfield>
    <subfield code="x">icon</subfield>
    <subfield code="y">Versión publicada</subfield>
  </datafield>
  <datafield tag="909" ind1="C" ind2="O">
    <subfield code="o">oai:zaguan.unizar.es:162363</subfield>
    <subfield code="p">articulos</subfield>
    <subfield code="p">driver</subfield>
  </datafield>
  <datafield tag="951" ind1=" " ind2=" ">
    <subfield code="a">2025-10-17-14:33:14</subfield>
  </datafield>
  <datafield tag="980" ind1=" " ind2=" ">
    <subfield code="a">ARTICLE</subfield>
  </datafield>
</record>
</collection>